Aik Siyasat Kai Kahaniyaan / (Record no. 522866)

000 -LEADER
fixed length control field 00357nam a22001337a 4500
005 - DATE AND TIME OF LATEST TRANSACTION
control field 20190125115405.0
008 - FIXED-LENGTH DATA ELEMENTS--GENERAL INFORMATION
fixed length control field 190125b ||||| |||| 00| 0 eng d
040 ## - CATALOGING SOURCE
Transcribing agency DLC
082 ## - DEWEY DECIMAL CLASSIFICATION NUMBER
Classification number 320.95491
Author Mark RAU
245 ## - TITLE STATEMENT
Title Aik Siyasat Kai Kahaniyaan /
Statement of responsibility, etc. Rauf Clasara
260 ## - PUBLICATION, DISTRIBUTION, ETC.
Place of publication, distribution, etc. Lahore :
Name of publisher, distributor, etc. Dost Publications,
Date of publication, distribution, etc. 2010.
300 ## - PHYSICAL DESCRIPTION
Extent 390p. :
Dimensions 25 cm.
942 ## - ADDED ENTRY ELEMENTS (KOHA)
Source of classification or shelving scheme
Koha item type Book
Holdings
Withdrawn status Lost status Source of classification or shelving scheme Damaged status Not for loan Permanent Location Current Location Date acquired Total Checkouts Full call number Barcode Date last seen Date last checked out Price effective from Koha item type
          NUST Law School (NLS) NUST Law School (NLS) 01/25/2019 1 320.95491 RAU NIT-9655 12/11/2024 10/03/2024 01/25/2019 Book
© 2023 Central Library, National University of Sciences and Technology. All Rights Reserved.